| 000 | 01255nam a2200337Ia 4500 | ||
|---|---|---|---|
| 001 | dia_6348 | ||
| 003 | CHAP | ||
| 005 | 20251021152941.0 | ||
| 008 | 220601s9999 xx 000 0 und d | ||
| 020 | _a978-607-95452-0-8 | ||
| 040 | _cCHAP | ||
| 082 | _aC 630.20121972 I54 2010 | ||
| 110 |
_aMéxico. _bServicio de Información Agroalimentaria y Pesquera _9146339 |
||
| 245 | _aInformación del sector agroalimentario 2010 / Servicio de Información Agroalimentaria y Pesquera | ||
| 250 | _a2a ed. | ||
| 260 | _aMéxico : Servicio de Información Agroalimentaria y Pesquera | ||
| 300 | _a247 p. | ||
| 503 | _aD. | ||
| 590 | _aC HD9014.M62 I54 2010 | ||
| 650 | _a1. Agricultura - Estadística - México | ||
| 650 | _aAgricultura - Aspectos económicos - México | ||
| 650 | _aIndustria agrícola - Estadísticas - México | ||
| 650 | _aAgriculture - Statistics - Mexico | ||
| 650 | _aAgriculture - Economical aspects - Mexico | ||
| 650 | _aAgricultural industry - Statistics - Mexico | ||
| 710 |
_aServicio de Información Agroalimentaria y Pesquera (México)Ì _9176429 |
||
| 901 | _aC 630.20121972 I54 2010 | ||
| 902 | _aM | ||
| 905 | _a5232272010 mx bdmn8222223322spa16 | ||
| 942 |
_cLIBRO _2ddc |
||
| 999 |
_c209682 _d209682 |
||